Statystyki dla Państwa z największą imigracją

Kliknij tutaj aby rozwiązać quiz!

Ogólne statystyki

  • Ten quiz został rozwiązany 6 889 razy
  • Średni wynik to 12 z 20

Statystyki odpowiedzi

Imigracja%Państwo% Poprawnych
50.6 m15.4Stany Zjednoczone
96%
13.1 m15.7Niemcy
92%
8.33 m12.8Francja
90%
11.6 m8.0Rosja
90%
6.01 m13.1Hiszpania
86%
7.96 m21.3Kanada
85%
9.55 m14.1Wielka Brytania
83%
6.27 m10.4Włochy
78%
5.15 m0.4Indie
74%
7.55 m30.0Australia
70%
5.88 m7.0Turcja
64%
4.96 m11.3Ukraina
60%
4.22 m7.2Republika
Południowej Afryki
54%
13.1 m38.3Arabia Saudyjska
43%
8.58 m87.9Zjednoczone
>Emiraty Arabskie
38%
3.28 m1.5Pakistan
36%
3.64 m5.2Tajlandia
31%
3.71 m20.0Kazachstan
28%
3.43 m10.7Malezja
22%
3.35 m33.1Jordania
10%

Rozkład punktacji

Percentyl według liczby udzielonych odpowiedzi

Procent ludzi z każdym wynikiem

Twoja historia wyników

Nie rozwiązałeś tego quizu